000
00354pab a2200157 454500
008
180718b1999 xxu||||| |||| 00| 0 eng d
100
_a
Pathak, D.C.
245
_a
Roots of escalation
260
_c
1999
300
_a
p.9
362
_a
25 Jun
650
_a
International relations
650
_a
Kargil conflict
773
_a
Pioneer
909
_a
42304
999
_c
42304
_d
42304